000 00228nam a22000977a 4500
020 _a0761452125
100 _aStephanie Greene
245 _aMoose’s Big Idea /
260 _aNew York :
_bScholastic Press,
_c2005
942 _cBK
999 _c266110
_d266109